High Voltage Engineering (Record no. 5267)

MARC details
000 -LEADER
fixed length control field 00386nam a22001697a 4500
005 - DATE AND TIME OF LATEST TRANSACTION
control field 20161015150412.0
008 - FIXED-LENGTH DATA ELEMENTS--GENERAL INFORMATION
fixed length control field 161015b xxu||||| |||| 00| 0 eng d
020 ## - INTERNATIONAL STANDARD BOOK NUMBER
ISBN 978-81-224-3090-5
041 ## - LANGUAGE CODE
Language code of text/sound track or separate title eng
100 ## - MAIN ENTRY--AUTHOR NAME
Personal name Wadhwa,C.L
245 ## - TITLE STATEMENT
Title High Voltage Engineering
250 ## - EDITION STATEMENT
Edition statement 3rd
260 ## - PUBLICATION, DISTRIBUTION, ETC. (IMPRINT)
Name of publisher New Age
Year of publication 2015
300 ## - PHYSICAL DESCRIPTION
Number of Pages 291
650 ## - SUBJECT ADDED ENTRY--TOPICAL TERM
Topical Term Engineering
942 ## - ADDED ENTRY ELEMENTS (KOHA)
Koha item type Books
Holdings
Lost status Damaged status Collection code Home library Current library Shelving location Date acquired Source of acquisition Cost, normal purchase price Accession Number Koha item type
    Reference JRU Library   SHELF -72- F 15/10/2016 Purchase 290.00 21309 Books
      JRU Library   SHELF-35-F 15/10/2016 Purchase 290.00 21310 Books
      JRU Library   SHELF-35-F 15/10/2016 Purchase 290.00 21311 Books
      JRU Library   SHELF-35-F 15/10/2016 Purchase 290.00 21312 Books
      JRU Library   SHELF-35-F 15/10/2016 Purchase 290.00 21313 Books
      JRU Library   SHELF-35-F 15/10/2016 Purchase 290.00 21314 Books
      JRU Library   SHELF-35-F 15/10/2016 Purchase 290.00 21315 Books